Positioning-La conquista della posizione vincente (Record n. 69409)
[ formato base ]
| 000 -LEADER | |
|---|---|
| fixed length control field | 01631nam a2200385Ia 4500 |
| 001 - CONTROL NUMBER | |
| control field | 88349 |
| 003 - CONTROL NUMBER IDENTIFIER | |
| control field | IT-RoPAU |
| 008 - FIXED-LENGTH DATA ELEMENTS--GENERAL INFORMATION | |
| fixed length control field | 130308s9999 xx 000 0 und d |
| 040 ## - CATALOGING SOURCE | |
| Original cataloging agency | IT-RoPAU |
| 040 ## - CATALOGING SOURCE | |
| Transcribing agency | IT-RoPAU |
| 041 ## - LANGUAGE CODE | |
| Language code of text/sound track or separate title | ITALIANO |
| 999 ## - SYSTEM CONTROL NUMBERS (KOHA) | |
| Koha Dewey Subclass [OBSOLETE] | SI |
| 100 ## - MAIN ENTRY--PERSONAL NAME | |
| Personal name | Ries Al |
| 100 ## - MAIN ENTRY--PERSONAL NAME | |
| Miscellaneous information | Codice Aut. SPICS: 27906 |
| 240 ## - UNIFORM TITLE | |
| Uniform title | POSITIONING: THE BATTLE FOR YOUR MIND |
| 240 ## - UNIFORM TITLE | |
| Miscellaneous information | Codice Tit. Orig. Spics: T1232 |
| 242 ## - TRANSLATION OF TITLE BY CATALOGING AGENCY | |
| Title | POSITIONNEMENT (LE)-LA CONQUETE DE L'ESPRIT |
| 242 ## - TRANSLATION OF TITLE BY CATALOGING AGENCY | |
| Number of part/section of a work | Cod. Traduzione Titolo: 79732 |
| 242 ## - TRANSLATION OF TITLE BY CATALOGING AGENCY | |
| Language code of translated title | FRA |
| 245 ## - TITLE STATEMENT | |
| Title | Positioning-La conquista della posizione vincente |
| 245 ## - TITLE STATEMENT | |
| Remainder of title | Positioning-La conquista della posizione Vincente |
| 250 ## - EDITION STATEMENT | |
| Edition statement | 2a ed. |
| 260 ## - PUBLICATION, DISTRIBUTION, ETC. (IMPRINT) | |
| Place of publication, distribution, etc. | MILANO |
| 260 ## - PUBLICATION, DISTRIBUTION, ETC. (IMPRINT) | |
| Name of publisher, distributor, etc. | Mcgraw Hill Libri Italia Srl |
| 260 ## - PUBLICATION, DISTRIBUTION, ETC. (IMPRINT) | |
| Date of publication, distribution, etc. | 1988 [1° Ed.:1984 - Ed.Ling.Originale:1981] |
| 300 ## - PHYSICAL DESCRIPTION | |
| Extent | "282 p. (prefazione: no ; testo: 282)" |
| 500 ## - GENERAL NOTE | |
| General note | Natura del Posizionamento Attacco Alla Mente Come Introdursi nella Mente scale nel cervello della Gente Come Posizionare un leader Concorrente Come Riposizionare la concorrenza importanza del Nome Estensione della Linea dei prodotti Come Posizionare Un'Azienda la Xerox un paese Il Belgio Un'Isola la Giamaica un prodotto Follie al Latte un Servizio Il Mailgram una banca una Stazione Sciistica Come Posizionare la Chiesa Cattolica Come Posizionare Se stessi e la Propria carriera sei tappe Verso Il successo Gioco del Posizionamento |
| 650 ## - SUBJECT ADDED ENTRY--TOPICAL TERM | |
| Topical term or geographic name as entry element | TEORICHE DELLA PUBBLICITA' |
| 650 ## - SUBJECT ADDED ENTRY--TOPICAL TERM | |
| Relator term | Codice materia Spics: 6205 |
| 700 ## - ADDED ENTRY--PERSONAL NAME | |
| Personal name | Trout Jack |
| 700 ## - ADDED ENTRY--PERSONAL NAME | |
| Miscellaneous information | Codice Aut. SPICS: 27907 |
| 942 ## - ADDED ENTRY ELEMENTS (KOHA) | |
| Koha item type | LIBRO |
| 957 ## - | |
| -- | 1 |
| 999 ## - SYSTEM CONTROL NUMBERS (KOHA) | |
| -- | 1 |
| Withdrawn status | Lost status | Damaged status | Not for loan | Home library | Current library | Date acquired | Total Checkouts | Full call number | Date last seen | Price effective from | Koha item type | Public note |
|---|---|---|---|---|---|---|---|---|---|---|---|---|
| Buone Condizioni | Not For Loan | SPICS-MEDIATECA | SPICS-MEDIATECA | 08/03/2013 | 88349 | 08/03/2013 | 08/03/2013 | LIBRO | Progressivo inserimento: 26601 / N. Volumi: 1 Copie: 1 Copia Rara: SI / data import: 1 marzo 2013 - By Epidotti, Trombetti, Vaglietti. |